Die (Wieder)Begegnung von deutschen Soldaten mit Ostjuden
| Titel: | Die (Wieder)Begegnung von deutschen Soldaten mit Ostjuden |
|---|---|
| Verfasser: | |
| In: |
Von Kaunas bis Klaipėda, (2007), Seite 113-129 alle Artikel anzeigen |
| Veröffentlicht: | 2007 |
| Format: | Aufsatz |
| Sprache: | Deutsch |
X
alg: 39252804 001A $01999:11-11-16 001B $01999:06-04-21 $t20:50:36.000 001D $01999:11-11-16 001U $0utf8 001X $00 002@ $0Aox 003@ $0392528045 007A $0392528045 $aHEB 007T $0Herdc0064635m 010@ $ager 011@ $a2007 021A $aDie @(Wieder)Begegnung von deutschen Soldaten mit Ostjuden 028A $aSchuster $dFrank Michael 031A $h113-129 $j2007 039B $aIn $8--Aau--. Von Kaunas bis Klaipėda. - Fernwald : Litblockín, 2007. - 242 S. $x200700000000000887 $9200097687 045F $a900.9479309043 $eDDC23BSB 045F/01 $a900 045F/03 $f09043 045F/03 $f09044 045F/03 $g4793 045F/03 $g4382 045F/03 $g43832 lok: 39252804 78 exp: 39252804 78 1 #EPN 201B/01 $025-06-18 $t23:17:50.000 201U/01 $0utf8 203@/01 $0788625969 208@/01 $a11-11-16 $be 209A/01 $a/ $f000 $x00 220C/01 $aTitelaufnehmer: kk 220C/01 $aHerkunft: HI Marburg 244Z/01 $2Trx $#Litauen $#Lithuania $#Litwa $#Litva $#Litva $8--Trx--Lietuva $x01 $9391193457 244Z/01 $2Trx $#Prusy Wschodnie i Zachodnie $8--Trx--Ost- und Westpreußen $x02 $939113373X 244Z/01 $2Trx $#Prusy Wschodnie prowincja $8--Trx--Ostpreußen$gProvinz, 1878-1945 $x03 $9391296817 244Z/01 $#Klaipėdos Kraštas $#Klaipedos Krasztas $#Memel-Gebiet Litauen $#Memelgebiet Litauen $74038580-2 $8--Tg1--Memelland $x04 $9085105414 244Z/01 $aGeschichte 1941-1944 $x05 244Z/01 $2Trx $#maailmasõda, teine 1939-1945 $#Antrasis pasaulinis karas 1939-1945 $#World War, Second 1939-1945 $#világháború. második 1939-1945 $#wojna światowa, druga 1939-1945 $#vojna svetová II. 1939-1945 $#válka druhá světová 1939-1945 $#Zweiter Weltkrieg $8--Trx--Weltkrieg, Zweiter$g1939-1945 $x06 $939138239X 244Z/01 $2Trx $#okupatsioonipoliitika, rahvussotsiaalne 1938-1945 $#fašistinė okupacinė politika 1938-1945 $#National-Socialist policies of occupation 1938-1945 $#megszállási politika, nemzetiszocialista $#okupacja hitlerowska 1938-1945 $#politika okupačná, nacistická 1938-1945 $#politika okupační, nacistická 1938-1945 $#polityka okupacyjna, hitlerowska 1938-1945 $8--Trx--Besatzungspolitik, nationalsozialistische$g1938-1945 $x07 $9391382608 244Z/01 $2Trx $#kaitsejõud, Saksa $#Vokietijos ginkluotosios pajėgos $#Armed forces, German $#fegyveres erök, német $#siły zbrojne, niemieckie $#armáda nemecká $#armáda německá $8--Trx--Streitkräfte, deutsche $x08 $9391362267 244Z/01 $2Trx $#juudid $#žydai $#Jews $#zsidók $#Żydzi $#Židia $#Židé $#Minderheit, jüdische $#Litvaken $#mniejszość żydowska $#menšina židovská $#menšina židovská $8--Trx--Juden $x09 $9391371312 244Z/01 $2Trx $#suhted, Juudi-Saksa $#santykiai, vokiečių ir žydų $#Relations, German-Jewish $#kapcsolatok, német-zsidó $#stosunki niemiecko-żydowskie $#vzťahy nemecko-židovské $#vztahy německo-židovské $8--Trx--Beziehungen, deutsch-jüdische $x10 $9391381059 244Z/01 $2Trx $#antisemitism $#antisemitizmas $#anti-Semitism $#antiszemitizmus $#antysemityzm $#antisemitizmus $#antisemitismus $#Pogrome $#Antijudaismus $#pogromy $#antijudaizmus $8--Trx--Antisemitismus $x11 $9391360205 244Z/01 $2Trx $#Holokaust 1941-1945 $#Holokaustas 1941-1945 $#Holocaust 1941-1945 $#holocaust 1941-1945 $#holokaust 1941-1945 $#holokaust 1941-1945 $#holokaust 1941-1945 $#Shoah $#Judenvernichtung $#shoah $#shoah $#šoa $8--Trx--Holocaust$g1941-1945 $x12 $9391361090 244Z/01 $2Trx $8--Trx--Einzelbeiträge $x13 $9391384570 245Z/01 $a06.04.03 $x01 247C/01 $82080>Marburg/Lahn, Herder-Institut, Forschungsbibliothek, Bibliographieportal $9336309341
| LEADER | 00000caa a22000002c 4500 | ||
|---|---|---|---|
| 001 | 392528045 | ||
| 003 | DE-603 | ||
| 005 | 20210406205036.0 | ||
| 007 | tu | ||
| 008 | 161111s2007 xx |||| | u00||u|ger c | ||
| 035 | |a (DE-599)HEB392528045 | ||
| 040 | |a DE-603 |b ger |c DE-603 |d DE-603 | ||
| 041 | |a ger | ||
| 082 | 0 | 4 | |8 1\u |a 900.9479309043 |q DE-101 |2 23/BSB |
| 085 | |8 1\u |b 900 | ||
| 085 | |8 1\u |z 1 |s 09043 | ||
| 085 | |8 1\u |z 1 |s 09044 | ||
| 085 | |8 1\u |z 2 |s 4793 | ||
| 085 | |8 1\u |z 2 |s 4382 | ||
| 085 | |8 1\u |z 2 |s 43832 | ||
| 100 | 1 | |a Schuster, Frank Michael | |
| 245 | 0 | 0 | |a Die (Wieder)Begegnung von deutschen Soldaten mit Ostjuden |
| 264 | 0 | |c 2007 | |
| 773 | 0 | 8 | |i In |t Von Kaunas bis Klaipėda |d Fernwald : Litblockín, 2007 |h 242 S., 21 cm |g (2007), Seite 113-129 |w (DE-603)200097687 |
| 924 | 0 | |9 2080 |a (DE-603)788625969 |b DE-2080 |c HES |d d |g / | |


